000 00956nam a2200265Ia 4500
003 OSt
005 20221005104756.0
006 a|||||r|||| 00| 0
007 ta
008 221004b |||||||| |||| 00| 0 hin d
020 _a9789380239958 (hbk)
024 _a26751
037 _bGift, 11/05/2016,
_cTextual
040 _aCRL
_cCRL
_bhin
041 _2hin
_ahin
082 _aW:50aY15, 152Q1
100 _aविप्लव
245 0 _aमानवाधिकार के आईने में महिलाएॅं
246 _aMānavādhikār ke āīne mean mahilāeॅan
260 _aदिल्ली
_bविस्टा इंटरनेशनल पब्लिशिंग हाउस भारत
_c2011
300 _a329पृ0
_ccm.
650 _aभारतीय राजनीति
942 _hW:50aY15, 152Q1
_cTEXL
_2cc
999 _c1013750
_d1013750